Überleben in der Wohlstandsgesellschaft.

Otázka prežitia národa, podniku alebo značky v súčasných podmienkach ako problém, ktorý nemôže byť zverený byrokracii. Sociálno-psychologické faktory tohto problému. Kreativita ako dôležitý predpoklad schopnosti prežiť. Nebezpečenstvo sociálnej závislosti. Riziká a dôsledky depresie. Problém tzv. "d...

Descrizione completa

Salvato in:
Dettagli Bibliografici
Autore principale: Lakaschus, C.
Natura: Capitolo di libro
Lingua:tedesco
Soggetti:
Tags: Aggiungi Tag
Nessun Tag, puoi essere il primo ad aggiungerne!!

MARC

LEADER 00000naa a2200000 4500
001 r008245
005 20221130113124.1
041 0 |a ger 
044 |a DE 
245 1 0 |a Überleben in der Wohlstandsgesellschaft.  |c C. Lakaschus 
520 |a Otázka prežitia národa, podniku alebo značky v súčasných podmienkach ako problém, ktorý nemôže byť zverený byrokracii. Sociálno-psychologické faktory tohto problému. Kreativita ako dôležitý predpoklad schopnosti prežiť. Nebezpečenstvo sociálnej závislosti. Riziká a dôsledky depresie. Problém tzv. "demotivovaného národa". Z hľadiska prežitia podniku či značky ide o tzv. aktívny či proaktívny štýl správania sa. Potreba sociálnej inteligencie ako citlivosti k sociálnym signálom. 
610 2 0 |a psychológia sociálna 
610 2 0 |a psychológia riadenia 
610 2 0 |a riadenie sociálne 
610 2 0 |a značky výrobné 
610 2 0 |a podnik 
100 1 |a Lakaschus, C.